Top 5 Città più popolose Provincia di Trieste - Statistics

Statistiche generali
  • Questo quiz è stato fatto 21 volte
  • Il punteggio medio è 3 su 5
Statistiche sulle risposte
Popolazione (ab.) Città % Corretto
202 123 Trieste
100%
13 022 Muggia
83%
8 586 Duino-Aurisina
50%
5 912 San Dorligo della Valle
28%
2 077 Sgonico
28%
Nessun quiz corrispondente trovato
Distribuzione punteggi
Percentuale di utenti per punteggio
Percentile per numero di risposta
I tuoi punteggi nel tempo
Non hai fatto questo quiz